| 000 | 00545nam a22001937a 4500 | ||
|---|---|---|---|
| 999 |
_c172076 _d172076 |
||
| 005 | 20210317154901.0 | ||
| 010 | _aENG-127563 | ||
| 020 |
_c150.00 _a789388927284 |
||
| 035 | _aEN-111095 | ||
| 037 | _bDBAD/PUB | ||
| 082 | _a880 | ||
| 100 | _aUdeshi, Hardik | ||
| 245 |
_aIntroduction to tribal literature/ _bby Hardik Udeshi |
||
| 260 |
_aGujrata _bVedant publications _c2019 |
||
| 270 |
_aRajkot,Surat _bAhmedabad _e395003 |
||
| 300 |
_a110p _c21cm(pbk) |
||
| 500 | _aIncludes bibliography | ||
| 942 |
_2ddc _cEN _mUDE _h880 |
||